| Tag |
First Indicator |
Second Indicator |
Subfields |
| LEADER |
00000cam a2200000 i 4500 |
| 001 |
in00003907607 |
| 005 |
20171102151342.0 |
| 008 |
170609s2017 caub 000 f eng |
| 010 |
|
|
|a 2017015332
|
| 035 |
|
|
|a (OCoLC)ocn972385156
|
| 040 |
|
|
|a DLC
|b eng
|e rda
|c DLC
|d BTCTA
|d YDX
|d BDX
|d OCLCO
|d OCLCF
|d IEP
|d WYZ
|d OCO
|d TD7
|d TXWBR
|d IEP
|d IGA
|d WIMVL
|d IUK
|d YDX
|
| 020 |
|
|
|a 9781619029590
|q hardcover
|
| 020 |
|
|
|a 1619029596
|q hardcover
|
| 024 |
8 |
|
|a 40027561486
|
| 035 |
|
|
|a (OCoLC)972385156
|
| 042 |
|
|
|a pcc
|
| 043 |
|
|
|a e-gx---
|
| 050 |
0 |
0 |
|a PS3557.A66
|b H47 2017
|
| 082 |
0 |
0 |
|a 813/.6
|2 23
|
| 049 |
|
|
|a TXAM
|
| 100 |
1 |
|
|a García, Cristina,
|d 1958-
|e author.
|
| 245 |
1 |
0 |
|a Here in Berlin :
|b a novel /
|c Cristina Garcia.
|
| 264 |
|
1 |
|a Berkeley, California :
|b Counterpoint,
|c [2017]
|
| 300 |
|
|
|a 208 pages :
|b map ;
|c 24 cm
|
| 336 |
|
|
|a text
|b txt
|2 rdacontent
|
| 337 |
|
|
|a unmediated
|b n
|2 rdamedia
|
| 338 |
|
|
|a volume
|b nc
|2 rdacarrier
|
| 520 |
|
|
|a An unnamed visitor travels to wartime Berlin, where she learns about the city through the things she sees and the disparate people she meets.
|
| 650 |
|
0 |
|a City and town life
|z Germany
|z Berlin
|v Fiction.
|
| 651 |
|
0 |
|a Berlin (Germany)
|v Fiction.
|
| 650 |
|
7 |
|a City and town life.
|2 fast
|0 (OCoLC)fst00862081
|
| 651 |
|
7 |
|a Germany
|z Berlin.
|2 fast
|0 (OCoLC)fst01204829
|
| 650 |
|
7 |
|a FICTION / Literary.
|2 bisacsh
|
| 650 |
|
7 |
|a FICTION / Urban Life.
|2 bisacsh
|
| 655 |
|
7 |
|a Fiction.
|2 fast
|0 (OCoLC)fst01423787
|
| 945 |
|
|
|b 297841
|
| 947 |
|
|
|a A14850147860
|
| 994 |
|
|
|a 92
|b TXA
|
| 948 |
|
|
|a Cataloged
|b h
|c 2017/11/02
|d c
|e TMinier
|
| 999 |
f |
f |
|s b1ec4f04-db57-3ca0-aed6-c13a47ebdf18
|i 3bc97c0c-548a-3d94-882b-6a84e0c80ff8
|t 0
|
| 952 |
f |
f |
|p normal
|a Texas A&M University
|b College Station
|c Sterling C. Evans Library
|d Evans: Library Stacks
|t 0
|e PS3557.A66 H47 2017
|h Library of Congress classification
|i unmediated -- volume
|m A14850147860
|
| 998 |
f |
f |
|a PS3557.A66 H47 2017
|t 0
|l Evans: Library Stacks
|